Machine learning and data mining : methods and applications /
General topics. Design and engineering. Detection of patterns in texts, images and music. Computer systems and control systems. Medicine and biology.
محفوظ في:
| التنسيق: | كتاب |
|---|---|
| اللغة: | English |
| منشور في: |
Chichester, England :
John Wiley and Sons,
1998.
|
| الموضوعات: | |
| الوسوم: |
إضافة وسم
لا توجد وسوم, كن أول من يضع وسما على هذه التسجيلة!
|
| Thư viện lưu trữ: | Mạng thư viện Đại học Đà Nẵng |
|---|
| LEADER | 01094cam a2200349 i 4500 | ||
|---|---|---|---|
| 001 | 000048853 | ||
| 003 | 8579 | ||
| 005 | 20030313145022.0 | ||
| 008 | 010322|1998 vm 000 eng | ||
| 020 | |a 0471971995 | ||
| 040 | |a IRC |c IRC |d IRC | ||
| 041 | 0 | |a eng | |
| 082 | 1 | 4 | |a 006.31 |b Ma-L |
| 245 | 0 | 0 | |a Machine learning and data mining : |b methods and applications / |c Edited by Ryszard S. Michalski, Ivan Bratko, Miroslav Kubat. |
| 260 | |a Chichester, England : |b John Wiley and Sons, |c 1998. | ||
| 300 | |a xvi, 456 p. : |b ill. ; |c 25cm. | ||
| 520 | 3 | |a General topics. Design and engineering. Detection of patterns in texts, images and music. Computer systems and control systems. Medicine and biology. | |
| 630 | 0 | 4 | |a Computer. |
| 630 | 0 | 4 | |a Machine learning. |
| 630 | 0 | 4 | |a Data mining. |
| 650 | 0 | 4 | |a Machine learning. |
| 650 | 0 | 4 | |a Data mining. |
| OWN | |a DUT | ||
| 999 | |a From the UDN01 | ||
| TYP | |a Monograph | ||
| TYP | |a Printed language | ||
| 980 | |a Mạng thư viện Đại học Đà Nẵng | ||


